Stade de foot des clubs de L1 - Statistiques

Statistiques générales
  • Ce quiz a été pris 266 fois
  • Le résultat moyen est 7 sur 18
Statistiques - réponses
Hint Réponse % Correct
Paris Saint Germain Parc des princes
99%
AS Monaco Louis 2
74%
Olympique de Marseille Orange Vélodrome
67%
Olympique Lyonnais Groupama Stadium
64%
OGC Nice Allianz Riviera
54%
Lille OSC Pierre Mauroy
50%
Toulouse FC Stadium
43%
FC Nantes Stade de la Beaujoire
34%
RC Lens Stade Bollaert
32%
Montpellier HSC Stade de la Mosson
31%
Stade Brestois Stade Francis-Le-Blé
29%
Strasbourg Stade de la Meinau
27%
Le Havre AC Stade Océane
27%
Stade Rennais Rohazon Park
23%
FC Metz Stade Saint Symphorien
22%
Stade Reims Auguste Delaune
21%
Clermont Foot Stade Gabriel-Montpied
12%
FC Lorient La Moustoire
6%
Aucun quiz correspondant
Distribution des résultats
% des personnes avec chaque résultat
Percentile par nombre de réponses
Votre historique - résultats
Vous n’avez pas pris ce quiz